Armes de fiction - Statistiques

Statistiques générales
  • Ce quiz a été pris 38 fois
    5 depuis la dernière actualisation
  • Le résultat moyen est 10 sur 60
Statistiques - réponses
Arme Univers % Correct
Epée de Gryffondor Harry Potter
100%
Carapace bleue Mario Kart
80%
Sabre laser Star Wars
80%
Master Sword The Legend of Zelda
80%
Blaster Yo-kai Yokai Watch
80%
Batarang Batman
60%
Keyblade Kingdom Hearts
60%
Ectoblast 5000 Luigi's Mansion
60%
Dragon Slayer Berserk
40%
Zanpakuto Bleach
40%
Epée du Soleil Demon Slayer
40%
BFG 9000 Doom
40%
Gunblades Final Fantasy
40%
Griffes de Xelon Dragon Quest
20%
Fat-Man Fallout
20%
Ragnell Fire Emblem
20%
Grandgriffe Game of Thrones
20%
Epée à énergie/Fireblade/Type-1Energy Sword Halo
20%
Galaxia Kirby
20%
Orcrist Le Seigneur des Anneaux
20%
Pistogel Moi, moche et méchant
20%
Samehada Naruto
20%
Wado Ichimonji One Piece
20%
Turbulence/Anaklusmos Percy Jackson
20%
Lucile The Walking Dead
20%
Trident d'Atlanna Aquaman
0%
Stormbreaker Avengers
0%
Master Vibration Sword (MVS) Code Geass
0%
Gjallarhorn Destiny
0%
Tournevis sonique Doctor Who
0%
Nyoi-Bo Dragon Ball
0%
Archenemy Fairy Tail
0%
Super Tengen Toppa Giga Drill Gurren Lagann
0%
Bon Samaritain Hellboy
0%
Crazy Slot Hunter X Hunter
0%
Yatsuka, la Pourfendeuse de Démons Jujutsu Kaisen
0%
Sakabato Kenshin le Vagabond
0%
Bakuzan Kill la kill
0%
Excalibur Junior Le Livre dont vous êtes le héros
0%
Vaillante Le Monde de Narnia
0%
Baton-aigle Les Légendaires
0%
Balizarde Les Trois Mousquetaires
0%
Criquet infernal Men in Black
0%
Fusil à Positron (Prototype 20 avec accélérateur toroidal) Neon Genesis Evangelion
0%
Dague du Ténébreux Once upon a time
0%
Plasmacaster Predator
0%
Dominator Psycho-Pass
0%
RYNO Ratchet et Clank
0%
Sainte Grenade d'Antioche Sacré Graal
0%
Lostvayne Seven Deadly Sins
0%
Proton Pack SOS Fantômes
0%
Death Scythe Soul Eater
0%
Zat'nik'tel Stargate SG-1
0%
Phaser Star Trek
0%
Dague anti-démon/Couteau de Ruby Supernatural
0%
Blue Rose Sword Sword Art Online
0%
Wind Tunnel 3000 Tornado Blast Hair Dryer Totally Spies
0%
Identity Disc Tron
0%
Epée de Khaine Warhammer
0%
Monado Xenoblade Chronicles
0%
Aucun quiz correspondant
Distribution des résultats
% des personnes avec chaque résultat
Percentile par nombre de réponses
Votre historique - résultats
Vous n’avez pas pris ce quiz depuis la dernière actualisation